Dios sobre todo : (Record n. 36631)
[ formato base ]
| 000 -LEADER | |
|---|---|
| fixed length control field | 00868nam a2200253 i 4500 |
| 003 - CONTROL NUMBER IDENTIFIER | |
| control field | IT-RoINE |
| 005 - DATE AND TIME OF LATEST TRANSACTION | |
| control field | 20220309103013.0 |
| 008 - FIXED-LENGTH DATA ELEMENTS--GENERAL INFORMATION | |
| fixed length control field | 220309s2021 sp a||||r|||| 00| |bspa d |
| 020 ## - INTERNATIONAL STANDARD BOOK NUMBER | |
| International Standard Book Number | 9788413681191 |
| 040 ## - CATALOGING SOURCE | |
| Original cataloging agency | IT-RoINE |
| 100 1# - MAIN ENTRY--PERSONAL NAME | |
| Personal name | Abraira, Pilar, |
| Titles and other words associated with a name | C.S. |
| 9 (RLIN) | 70973 |
| 245 10 - TITLE STATEMENT | |
| Title | Dios sobre todo : |
| Remainder of title | vida de la Venerable Madre María Félix : fundadora de la Compañía del Salvador y de los Colegios Mater Salvadoris (1907-2001) / |
| Statement of responsibility, etc | Pilar Abraira. |
| 260 ## - PUBLICATION, DISTRIBUTION, ETC. (IMPRINT) | |
| Place of publication, distribution, etc | Madrid : |
| Name of publisher, distributor, etc | Palabra, |
| Date of publication, distribution, etc | 2021. |
| 300 ## - PHYSICAL DESCRIPTION | |
| Extent | 318 p. ; |
| Dimensions | 22 cm. |
| 336 ## - CONTENT TYPE | |
| Source | rdacontent |
| Content type term | text |
| 337 ## - MEDIA TYPE | |
| Source | rdamedia |
| Media type term | unmediated |
| 338 ## - CARRIER TYPE | |
| Source | rdacarrier |
| Carrier type term | volume |
| 490 1# - SERIES STATEMENT | |
| Series statement | Testimonios |
| 500 ## - GENERAL NOTE | |
| General note | Incluye cronología. |
| 600 14 - SUBJECT ADDED ENTRY--PERSONAL NAME | |
| Personal name | Félix, María, |
| Dates associated with a name | 1907-2001 |
| General subdivision | Biografía |
| 9 (RLIN) | 70974 |
| 610 24 - SUBJECT ADDED ENTRY--CORPORATE NAME | |
| 9 (RLIN) | 15450 |
| Corporate name or jurisdiction name as entry element | Compañía del Salvador |
| 830 #0 - SERIES ADDED ENTRY--UNIFORM TITLE | |
| Uniform title | Testimonios (Palabra) |
| 9 (RLIN) | 70975 |
| 942 ## - ADDED ENTRY ELEMENTS (KOHA) | |
| Item type | Monografías |
| Withdrawn status | Lost status | Damaged status | Not for loan | Home library | Current library | Date acquired | Total Checkouts | Full call number | Barcode | Date last seen | Price effective from | Koha item type |
|---|---|---|---|---|---|---|---|---|---|---|---|---|
| Iglesia Nacional Española en Roma | Iglesia Nacional Española en Roma | 09/03/2022 | BIO 2777 | 64258 | 09/03/2022 | 09/03/2022 | Monografías |